000 00624nam a2200193Ia 4500
003 GCL
008 140319s9999 xx 000 0 ara d
040 _aGCL /
_cGCL
082 0 4 _a811.9
_bا ا
100 1 _aابراهيم ناجى
245 1 0 _aالاعمال الشعرية الكاملة: ابراهيم ناجى /
_cابراهيم ناجى
700 1 _aحسن توفيق
300 _a860 ص
490 _aالهيئة العامة للاستعلامات
_v0
650 0 4 _aالادب العربى
650 0 4 _aالادب
650 0 4 _aالشعرالعربى, مصر-دواوين وقصائد
942 _2ddc
_cBK
999 _c50089
_d50089